000 00815nam a2200253Ia 4500
003 OSt
005 20220926015112.0
006 a|||||r|||| 00| 0
007 ta
008 220923b |||||||| |||| 00| 0 eng d
020 _a9781607410683
_c5377.0100000000002
037 _b62, 02/12/2010, Indu Book Services
_cGeneral Book
040 _aRTL
_cRTL
_beng
041 _2eng
_aeng
082 _aX:89Q1:(B), Q0
100 _aMolnar AlanT
_9321597
245 0 _aEconomics forecasting
260 _aNew York
_bNova Science
_c2010
300 _ax, 273p Bibliography chapterwise
_ccm.
490 _aEconomic Issues, Problems and Perspectives Series
650 _aEconomics
942 _hX:89Q1:(B), Q0
_cGB
_2CC
999 _c630557
_d630557